<?xml version="1.0" encoding="UTF-8"?>
<collection xmlns="http://www.loc.gov/MARC21/slim">
 <record>
  <leader>01217nam a22002177a 4500</leader>
  <controlfield tag="001">NCT_55017</controlfield>
  <controlfield tag="008">181107b        xxu||||| |||| 00| 0 vie d</controlfield>
  <datafield tag="999" ind1=" " ind2=" ">
   <subfield code="c">2647</subfield>
   <subfield code="d">2647</subfield>
  </datafield>
  <datafield tag="020" ind1=" " ind2=" ">
   <subfield code="c">39000</subfield>
  </datafield>
  <datafield tag="082" ind1=" " ind2=" ">
   <subfield code="2">23rd ed.</subfield>
   <subfield code="a">392.12</subfield>
   <subfield code="b">S431</subfield>
  </datafield>
  <datafield tag="100" ind1="0" ind2=" ">
   <subfield code="a">Song Linh</subfield>
  </datafield>
  <datafield tag="245" ind1="1" ind2="0">
   <subfield code="a">Cách đặt tên cho bạn và cho doanh nghiệp :</subfield>
   <subfield code="b">Chọn lành tránh dữ</subfield>
   <subfield code="c">Song Linh, Minh Huyền</subfield>
  </datafield>
  <datafield tag="260" ind1=" " ind2=" ">
   <subfield code="a">H.</subfield>
   <subfield code="b">Hồng đức</subfield>
   <subfield code="c">2013</subfield>
  </datafield>
  <datafield tag="300" ind1=" " ind2=" ">
   <subfield code="a">195 tr.</subfield>
   <subfield code="b">Hình vẽ</subfield>
   <subfield code="c">19cm</subfield>
  </datafield>
  <datafield tag="500" ind1=" " ind2=" ">
   <subfield code="a">Phụ lục: tr. 152-192</subfield>
  </datafield>
  <datafield tag="520" ind1="3" ind2=" ">
   <subfield code="a">Sách trình bày nguồn gốc, cấu tạo, đặc điểm họ tên của người Việt. Một số phương pháp đặt tên cho con theo tục lệ dân gian, theo tuổi, theo quê quán cha mẹ, địa danh, tình cảm, sở thích...</subfield>
  </datafield>
  <datafield tag="700" ind1="0" ind2=" ">
   <subfield code="a">Minh Huyền</subfield>
  </datafield>
  <datafield tag="942" ind1=" " ind2=" ">
   <subfield code="2">ddc</subfield>
   <subfield code="c">BK</subfield>
  </datafield>
  <datafield tag="952" ind1=" " ind2=" ">
   <subfield code="0">0</subfield>
   <subfield code="1">0</subfield>
   <subfield code="2">ddc</subfield>
   <subfield code="4">0</subfield>
   <subfield code="6">392_120000000000000_S431</subfield>
   <subfield code="7">0</subfield>
   <subfield code="9">14831</subfield>
   <subfield code="a">000001</subfield>
   <subfield code="b">000001</subfield>
   <subfield code="d">2018-11-07</subfield>
   <subfield code="o">392.12 S431</subfield>
   <subfield code="p">TK.00903</subfield>
   <subfield code="r">2018-11-07</subfield>
   <subfield code="v">39000.00</subfield>
   <subfield code="w">2018-11-07</subfield>
   <subfield code="y">BK</subfield>
  </datafield>
  <datafield tag="952" ind1=" " ind2=" ">
   <subfield code="0">0</subfield>
   <subfield code="1">0</subfield>
   <subfield code="2">ddc</subfield>
   <subfield code="4">0</subfield>
   <subfield code="6">392_120000000000000_S431</subfield>
   <subfield code="7">0</subfield>
   <subfield code="9">14832</subfield>
   <subfield code="a">000001</subfield>
   <subfield code="b">000001</subfield>
   <subfield code="d">2018-11-07</subfield>
   <subfield code="o">392.12 S431</subfield>
   <subfield code="p">TK.00904</subfield>
   <subfield code="r">2018-11-07</subfield>
   <subfield code="v">39000.00</subfield>
   <subfield code="w">2018-11-07</subfield>
   <subfield code="y">BK</subfield>
  </datafield>
  <datafield tag="980" ind1=" " ind2=" ">
   <subfield code="a">Thư viện Trường Đại học Nam Cần Thơ</subfield>
  </datafield>
 </record>
</collection>
